000 01212nam a22002177a 4500
999 _c58945
_d58945
003 Ge_BSU
005 20221021160908.0
008 221021s2007 ge ||||| |||| 00| 0 geo d
020 _a9789994068210
041 _ageo
080 _a271.2(031) ღ-53
245 _aღვთიური სიბრძნის მართლმადიდებლური ენციკლოპედია :
_bეკლესიის მამათა გამონათქვამები /
_c[შემდგ. გივი კალანდაძე ; რედ. ლუიზა ბოჩკოვა-ხვიჩია].
264 _aთბილისი,
_c2007.
300 _a603გვ. :
_bფოტ. ;
_c29სმ.
653 _aმართლმადიდებლური ენციკლოპედია
653 _aღვთიური სიბრძნე
653 _aეკლესიის მამათა გამონათქვამები
700 _aკალანდაძე, გივი
_e შემდგენელი
_98162
700 _aბოჩკოვა-ხვიჩია, ლუიზა
_eრედაქტორი
_914822
942 _2udc
_cBK